| 000 | 00000nas 2200000zi 4500 |
| 001 | 9.816402 |
| 003 | CaOODSP |
| 005 | 20240226113426 |
| 006 | m o d f |
| 007 | cr ||||||||||| |
| 008 | 160427c20129999oncqn p o f0 b0fre|d |
| 022 | |a1927-209X |
| 040 | |aCaOODSP|bfre|erda|cCaOODSP |
| 043 | |an-cn--- |
| 086 | 1 |aCC173-5F-PDF |
| 110 | 2 |aCommission canadienne de sûreté nucléaire. |
| 245 | 10|aCommission canadienne de sûreté nucléaire, rapport financier trimestriel pour le trimestre terminé le ... |
| 264 | 1|a[Ottawa] : |bCommission canadienne de sûreté nucléaire = Canadian Nuclear Safety Commission, |c2012- |
| 310 | |aTrimestriel (sauf janvier) |
| 336 | |atexte|btxt|2rdacontent/fre |
| 337 | |ainformatique|bc|2rdamedia/fre |
| 338 | |aressource en ligne|bcr|2rdacarrier/fre |
| 362 | 1 |aParaît depuis 30 juin 2012. |
| 500 | |aPublié aussi en anglais sous le titre : Canadian Nuclear Safety Commission quarterly financial report for the quarter ended ... |
| 500 | |a« INFO-0822-12-01 ». |
| 588 | |aDescription d'après : 30 juin 2012. |
| 588 | |aDernière livraison consultée : 30 septembre 2019. |
| 610 | 25|aCommission canadienne de sûreté nucléaire|xCrédits budgétaires et dépenses|vPériodiques. |
| 650 | 6|aDépenses publiques. |
| 655 | 7|aPériodiques|2rvmgf |
| 775 | 08|tCanadian Nuclear Safety Commission quarterly financial report for the quarter ended … |w(CaOODSP)9.816395 |